000 01845ncm0a2200385 4500
001 RU\NLR\ONIZ\216559
005 20250626062257.0
021 _aRU
_b03-189
_903-8
035 _aRU\NLR\ONIZ\Таня\5000003838\20170306092536
035 _a(NLR Aleph) 011414080
090 _a11573468
_c11573468
100 _a20170306d2003 |||y0rusy50 ca
101 0 _aeng
_arus
102 _aRU
125 _azx
128 _adf
145 0 _ab
200 1 _a5 танцев
_bНоты
_d5 Tänze
_zgem
_eфп.
_fТ. Лагученкоф
210 _aСанкт-Петербург
_cСоюз художников
_d2003
215 _a13 с.
_cил.
_d29 см
313 _aСистематизация документа проведена по изданию - Методика классифицирования музыкальных произведений (нотных изданий) по таблицам Библиотечно-библиографических классификаций : метод. рекомендации / Гос. б-ка СССР им. В.И. Ленина.- М., 1977. Индексу ББК методических рекомендаций присваивается код ББК для научных библиотек - LBC/SL
500 0 0 _aТанцы (5)
606 1 _aТанцы для фортепиано
_jНоты
_2nlr_sh
686 _aЩ954.2-058.55я44(2Р)
_vLBC/SL
_2rubbk
700 1 _9z02790
_aЛагученкоф
_bТ.
_gТатьяна
_4230
_7ca
790 1 _9z02700
_aLagučenkof
_bT.
_gTatjana
_4230
_7ba
801 0 _aRU
_bNLR
_c20170306
_gPSBO
801 1 _aRU
_bNLR
_c20170306
_2rusmarc
801 2 _aRU
_bNLR
_c20190630
852 _aNLR
_bМ
_jК-3/25102
_pМОЭ 2003-8/189
_t1
852 _aNLR
_bМ
_jК-3/25102а
_pМОЭ 2003-8/189а
_t2
942 _cSCORE
980 _aNB
980 _aONIZ